000 00761nam a2200265 i 4500
001 C2-0284932
003 PPAK
005 20180728014709.0
008 071213s2007 my a|||| ||||| | may d
020 _a9789833552399
040 _aPPAK
_beng
_cPPAK
_erda
082 0 4 _a499.2386
_223
090 0 0 _a499.2386
_bKIS
_dK
245 0 0 _aKisah Awang Kenit
264 1 _aPetaling Jaya, Selangor :
_bSama Publications ,
_c2007
300 _a22 pages :
_billustrations ;
_c21 cm
336 _2rdacontent
_atext
337 _2rdamedia
_aunmediated
338 _2rdacarrier
_avolume
490 1 _aSiri cerita jenaka tradisi
650 1 0 _aBahasa Malaysia - Readers.
700 0 _aMuhammad Afif,
_ecompile
830 0 _aSiri cerita jenaka tradisi
942 _ddc
_cB
999 _c90854
_d90854